Cuentos de la buena suerte
Guardat en:
| Autor principal: | |
|---|---|
| Format: | Llibre |
| Idioma: | espanyol |
| Publicat: |
Buenos Aires
Alfaguara
1994
|
| Edició: | 2a. ed |
| Col·lecció: | Serie infantil
|
| Matèries: | |
| Etiquetes: |
Afegir etiqueta
Sense etiquetes, Sigues el primer a etiquetar aquest registre!
|
MARC
| LEADER | 00000nam a2200000 a 4500 | ||
|---|---|---|---|
| 001 | UCH8235 | ||
| 003 | CL-VaPUC | ||
| 008 | 091127e19940000AG |||||||||||||||||spa|d | ||
| 020 | |a 9505111185 | ||
| 082 | 0 | 4 | |a Ar863 |b RAM |2 21 |
| 100 | 0 | |a Ramos, María Cristina |e author |9 544698 | |
| 245 | 1 | 0 | |a Cuentos de la buena suerte |
| 250 | |a 2a. ed | ||
| 300 | |a 109 p | ||
| 942 | |c BK | ||
| 945 | |d 20091127 00:00:00 |a lazolas | ||
| 260 | |a Buenos Aires |b Alfaguara |c 1994 | ||
| 500 | |a Lectura a partir de los 10 años | ||
| 650 | 0 | |a Literatura juvenil |9 309909 | |
| 650 | 0 | |a Literatura argentina |9 320596 | |
| 650 | 0 | |a Novelas argentinas |9 267871 | |
| 650 | 7 | |a ESCRITORES ARGENTINOS |2 CL-VaPUC |9 544699 | |
| 650 | 0 | |a Ficción |9 376687 | |
| 650 | 0 | |a Lectura |9 307634 | |
| 583 | |a last modification |c 20091127 00:00:00 |k Rodrigo Vera | ||
| 490 | 0 | |a Serie infantil | |
| 999 | |c 338467 |d 338465 | ||